[Event "Kiel op 35th"]
[Site "Kiel"]
[Date "2023.08.01"]
[Round "6"]
[White "Stegert, Jonas"]
[Black "Helms, Finn"]
[Result "0-1"]
[WhiteElo "1832"]
[BlackElo "1966"]
[PlyCount "44"]
[EventDate "2023.07.29"]
[EventType "swiss"]
[EventRounds "9"]
[EventCountry "GER"]
[SourceTitle "CBM 215 Extra"]
[Source "ChessBase"]
[SourceDate "2023.09.30"]
[SourceVersion "1"]
[SourceVersionDate "2023.09.30"]
[SourceQuality "1"]

1. d4 Nf6 2. c4 e6 3. Nf3 d5 4. g3 Bb4+ 5. Bd2 Be7 6. Bg2 0-0 7. 0-0 c6 8. Qc2 b6 9. Rd1 Nbd7 10. Bf4 Bb7 11. Nbd2 Rc8 12. Rac1 c5 13. Qb1 cxd4 14. Ne5 g5 15. cxd5 Rxc1 16. Rxc1 gxf4 17. Nc6 Bxc6 18. dxc6 Nc5 19. c7 Qd7 20. b4 Na6 21. Qc2 Rc8 22. Bb7 Rxc7 0-1

[Event "Kiel op 35th"]
[Site "Kiel"]
[Date "2023.07.30"]
[Round "3"]
[White "Helms, Finn"]
[Black "Browning, Alex"]
[Result "0-1"]
[WhiteElo "1966"]
[BlackElo "2341"]
[PlyCount "70"]
[EventDate "2023.07.29"]
[EventType "swiss"]
[EventRounds "9"]
[EventCountry "GER"]
[SourceTitle "CBM 215 Extra"]
[Source "ChessBase"]
[SourceDate "2023.09.30"]
[SourceVersion "1"]
[SourceVersionDate "2023.09.30"]
[SourceQuality "1"]

1. e4 c5 2. Nf3 d6 3. d4 cxd4 4. Nxd4 Nf6 5. Nc3 a6 6. f3 e5 7. Nb3 Be7 8. Be3 Be6 9. Qd2 h5 10. Nd5 Nxd5 11. exd5 Bf5 12. Be2 Nd7 13. Na5 Qc7 14. c4 Bh4+ 15. g3 Bf6 16. Rc1 e4 17. f4 Nc5 18. b4 Nd3+ 19. Bxd3 exd3 20. h4 0-0 21. 0-0 Rfe8 22. c5 dxc5 23. Rfe1 Qd7 24. Nc4 Qxd5 25. Nb6 Qf3 26. Nxa8 Qxg3+ 27. Qg2 Rxe3 28. Qxg3 Rxg3+ 29. Kf2 Bxh4 30. Rh1 Rh3+ 31. Kg2 Rxh1 32. Kxh1 d2 33. Rd1 Be1 34. bxc5 Bg4 35. Rxd2 Bxd2 0-1

[Event "Kiel op 34th"]
[Site "Kiel"]
[Date "2022.08.04"]
[Round "8"]
[White "Schramm, Daniel"]
[Black "Helms, Finn"]
[Result "0-1"]
[WhiteElo "1829"]
[BlackElo "1973"]
[PlyCount "88"]
[EventDate "2022.07.30"]
[EventType "swiss"]
[EventRounds "9"]
[EventCountry "GER"]
[SourceTitle "CBM 209 Extra"]
[Source "ChessBase"]
[SourceDate "2022.09.30"]
[SourceVersion "1"]
[SourceVersionDate "2022.09.30"]
[SourceQuality "1"]

1. c4 c5 2. Nc3 Nc6 3. g3 g6 4. Bg2 Bg7 5. Rb1 d6 6. a3 a5 7. d3 e5 8. e4 Nge7 9. Nge2 0-0 10. 0-0 Be6 11. Be3 f5 12. f4 fxe4 13. Bxe4 Nf5 14. Bf2 Nfd4 15. Nxd4 cxd4 16. Nd5 Ne7 17. Nxe7+ Qxe7 18. Qd2 Bh6 19. Qe2 Qd7 20. Qf3 Rf7 21. Qe2 Raf8 22. b4 Bh3 23. Rfe1 Bg4 24. Qc2 g5 25. Bd5 Be6 26. Bxe6 Qxe6 27. Bxd4 gxf4 28. Bf2 Qh3 29. Qe2 Rf5 30. Qf1 Qh5 31. Rbd1 fxg3 32. Qg2 Qxh2+ 33. Qxh2 gxh2+ 34. Kxh2 Rxf2+ 35. Kh1 axb4 36. axb4 Rc2 37. Rg1+ Kh8 38. Rdf1 Rxf1 39. Rxf1 Rc1 40. Rxc1 Bxc1 41. Kg2 Kg7 42. Kf3 Kf6 43. Kg4 h5+ 44. Kxh5 Kf5 0-1

[Event "Kiel op 34th"]
[Site "Kiel"]
[Date "2022.08.02"]
[Round "6"]
[White "Farokhi, Keyvan"]
[Black "Helms, Finn"]
[Result "1-0"]
[WhiteElo "2332"]
[BlackElo "1973"]
[PlyCount "73"]
[EventDate "2022.07.30"]
[EventType "swiss"]
[EventRounds "9"]
[EventCountry "GER"]
[SourceTitle "CBM 209 Extra"]
[Source "ChessBase"]
[SourceDate "2022.09.30"]
[SourceVersion "1"]
[SourceVersionDate "2022.09.30"]
[SourceQuality "1"]

1. e4 c6 2. Nf3 d5 3. d3 dxe4 4. dxe4 Qxd1+ 5. Kxd1 g6 6. Nfd2 e5 7. Nc4 f6 8. a4 Be6 9. Be3 Na6 10. Nbd2 Bc5 11. Bxc5 Nxc5 12. b4 Bxc4 13. Bxc4 Nd7 14. a5 Ke7 15. Ke2 Nh6 16. h4 Nf7 17. Bxf7 Kxf7 18. Rhd1 Rhd8 19. Nc4 Ke7 20. c3 Nf8 21. h5 Rxd1 22. Rxd1 Rd8 23. hxg6 hxg6 24. Rh1 Ke6 25. g3 Rd7 26. a6 b6 27. Ke3 b5 28. Na5 Rc7 29. Nb7 Rc8 30. f4 Rc7 31. Rh8 Kf7 32. Nd8+ Ke7 33. Rxf8 Rc8 34. Rf7+ Kxd8 35. Rxf6 exf4+ 36. gxf4 c5 37. Rf8+ 1-0

[Event "Oberliga Nord W 2122"]
[Site "Germany"]
[Date "2022.04.24"]
[Round "5.8"]
[White "Tenninger, Marc"]
[Black "Helms, Finn"]
[Result "1/2-1/2"]
[WhiteElo "1833"]
[BlackElo "1904"]
[PlyCount "107"]
[EventDate "2021.10.10"]
[EventType "team-tourn"]
[EventRounds "9"]
[EventCountry "GER"]
[SourceTitle "EXT 2023"]
[Source "ChessBase"]
[SourceDate "2022.10.05"]
[SourceVersion "1"]
[SourceVersionDate "2022.10.05"]
[SourceQuality "1"]
[WhiteTeam "Lehrte"]
[BlackTeam "Werder Bremen III"]
[WhiteTeamCountry "GER"]
[BlackTeamCountry "GER"]

1. d4 Nf6 2. Nf3 g6 3. Bf4 Bg7 4. Nbd2 d5 5. h3 0-0 6. e3 c5 7. c3 Qb6 8. Qb3 c4 9. Qxb6 axb6 10. Be2 Nc6 11. 0-0 h6 12. Ne5 g5 13. Nxc6 bxc6 14. Be5 Nd7 15. Bxg7 Kxg7 16. f4 gxf4 17. exf4 b5 18. a3 Nb6 19. g4 Na4 20. Rab1 f6 21. Kg2 Kh7 22. Nf3 Rg8 23. Nh4 f5 24. Kg3 fxg4 25. hxg4 Bxg4 26. Bxg4 h5 27. Rfe1 Rxg4+ 28. Kh3 Rag8 29. Rxe7+ R8g7 30. Nf5 Rxe7 31. Nxe7 Rxf4 32. Nxc6 Rf2 33. Na7 Rxb2 34. Rxb2 Nxb2 35. Nxb5 Na4 36. Nc7 Nxc3 37. a4 Ne2 38. Nxd5 Nxd4 39. a5 Nb5 40. a6 Kg6 41. Kh4 Kh6 42. Nc3 Na7 43. Nd5 Kg6 44. Nc3 Nc6 45. Nb5 Kf6 46. Kxh5 Ke5 47. a7 Nxa7 48. Nxa7 c3 49. Nc6+ Kd5 50. Nb4+ Kc4 51. Nc2 Kd3 52. Nb4+ Kd2 53. Kg4 Kc1 54. Na2+ 1/2-1/2

[Event "GER-chT Lands U20"]
[Site "Neumuenster"]
[Date "2021.10.03"]
[Round "3.3"]
[White "Reinecke, Katharina"]
[Black "Helms, Finn"]
[Result "0-1"]
[WhiteElo "1945"]
[BlackElo "1898"]
[PlyCount "78"]
[EventDate "2021.10.01"]
[EventType "team-swiss"]
[EventRounds "7"]
[EventCountry "GER"]
[SourceTitle "CBM 204 Extra"]
[Source "ChessBase"]
[SourceDate "2021.11.30"]
[SourceVersion "1"]
[SourceVersionDate "2021.11.30"]
[SourceQuality "1"]
[WhiteTeam "Hessen"]
[BlackTeam "Bremen/Niedersachsen"]
[WhiteTeamCountry "GER"]
[BlackTeamCountry "GER"]

1. e4 c6 2. d4 d5 3. e5 Bf5 4. Nd2 e6 5. Nb3 Nd7 6. Be3 f6 7. Nf3 fxe5 8. Nxe5 Ngf6 9. g4 Nxe5 10. gxf5 Neg4 11. fxe6 Nxe3 12. fxe3 Ne4 13. Qf3 Qh4+ 14. Ke2 0-0-0 15. Bh3 Be7 16. Qg4 Qf2+ 17. Kd1 Qxe3 18. Rf1 Nf2+ 19. Rxf2 Qxf2 20. Qg3 Qxg3 21. hxg3 Rhf8 22. Ke2 Kc7 23. Nc5 Bxc5 24. dxc5 Rde8 25. Rd1 Rf6 26. c4 Rfxe6+ 27. Bxe6 Rxe6+ 28. Kd3 Rg6 29. Rg1 dxc4+ 30. Kxc4 Rg4+ 31. Kc3 h5 32. Rf1 Rxg3+ 33. Kd4 Rg4+ 34. Ke5 Rg5+ 35. Kd4 Rd5+ 36. Kc4 b5+ 37. cxb6+ Kxb6 38. Rf7 g5 39. b4 a5 0-1

[Event "GER-ch U12"]
[Site "Willingen"]
[Date "2021.08.25"]
[Round "4"]
[White "Helms, Finn"]
[Black "Malinowsky, Levi"]
[Result "1-0"]
[WhiteElo "1972"]
[BlackElo "1593"]
[PlyCount "117"]
[EventDate "2021.08.22"]
[EventType "swiss"]
[EventRounds "9"]
[EventCountry "GER"]
[SourceTitle "EXT 2022"]
[Source "ChessBase"]
[SourceDate "2021.10.06"]
[SourceVersion "1"]
[SourceVersionDate "2021.10.06"]
[SourceQuality "1"]

1. e4 e6 2. d4 d5 3. Nd2 dxe4 4. Nxe4 Bd7 5. Nf3 Bc6 6. Bd3 Nd7 7. 0-0 Be7 8. Re1 Bxe4 9. Bxe4 c6 10. Bf4 Ngf6 11. Bd3 0-0 12. Ne5 Nxe5 13. dxe5 Nd5 14. Qg4 Nxf4 15. Qxf4 g6 16. Rad1 Bg5 17. Qg4 Qe7 18. f4 Bh4 19. Rf1 Rad8 20. Kh1 c5 21. g3 c4 22. Be2 Rxd1 23. Rxd1 Rd8 24. gxh4 Rxd1+ 25. Bxd1 Qd7 26. h5 Qd2 27. h6 Qe1+ 28. Kg2 Qd2+ 29. Kh3 Qe3+ 30. Qf3 Qb6 31. b3 cxb3 32. Qc3 Qd8 33. cxb3 Qf8 34. Kg3 g5 35. fxg5 Qd8 36. Qf3 Qd4 37. Kh3 Kf8 38. Bc2 Qd2 39. Qd3 Qxg5 40. Qd6+ Ke8 41. Qb8+ Ke7 42. Qxb7+ Ke8 43. Qa8+ Ke7 44. Qxa7+ Ke8 45. Qa4+ Kf8 46. Qa8+ Ke7 47. Qb7+ Ke8 48. Qc8+ Ke7 49. Qc5+ Ke8 50. a4 f5 51. Qc8+ Ke7 52. Qc7+ Ke8 53. Qc6+ Kd8 54. Qd6+ Kc8 55. Qxe6+ Kb8 56. Qe8+ Kc7 57. Qf7+ Kb8 58. Qf8+ Ka7 59. Qg7+ 1-0

[Event "GER-chT Christmas U20"]
[Site "Playchess.com INT"]
[Date "2020.12.29"]
[Round "5.4"]
[White "Helms, Finn"]
[Black "Sereda, Yaroslava"]
[Result "0-1"]
[WhiteElo "1934"]
[BlackElo "1750"]
[PlyCount "64"]
[EventDate "2020.12.29"]
[EventType "team-swiss (blitz)"]
[EventRounds "7"]
[EventCountry "GER"]
[SourceTitle "CBM 200 Extra"]
[Source "ChessBase"]
[SourceDate "2021.03.31"]
[SourceVersion "1"]
[SourceVersionDate "2021.03.31"]
[SourceQuality "1"]
[WhiteTeam "Werder Bremen"]
[BlackTeam "Solingen"]
[WhiteTeamCountry "GER"]
[BlackTeamCountry "GER"]

1. e4 c5 2. Nf3 Nc6 3. d4 cxd4 4. Nxd4 g6 5. c4 Bg7 6. Be3 Nf6 7. Nc3 Ng4 8. Qxg4 Nxd4 9. Qd1 Ne6 10. f3 Bxc3+ 11. bxc3 0-0 12. Be2 b6 13. 0-0 Ba6 14. f4 Rc8 15. Qa4 Nc7 16. Rfd1 d6 17. Rd2 Qe8 18. Qa3 Qc6 19. Rd4 b5 20. f5 bxc4 21. Bh6 Rfd8 22. fxg6 hxg6 23. Rf1 Nb5 24. Qc1 Nxd4 25. cxd4 Qxe4 26. Qg5 Qxe2 27. Qf4 Qe6 28. Qh4 c3 29. Bc1 Bxf1 30. Kxf1 Qf5+ 31. Qf4 Qxf4+ 32. Bxf4 c2 0-1

[Event "GER-chT Christmas U16 Steinitz"]
[Site "Playchess.com INT"]
[Date "2020.12.28"]
[Round "1.2"]
[White "Helms, Finn"]
[Black "Gottwald, Patrick"]
[Result "1-0"]
[WhiteElo "1934"]
[BlackElo "1526"]
[PlyCount "45"]
[EventDate "2020.12.28"]
[EventType "team-swiss (blitz)"]
[EventRounds "7"]
[EventCountry "GER"]
[SourceTitle "CBM 200 Extra"]
[Source "ChessBase"]
[SourceDate "2021.03.31"]
[SourceVersion "1"]
[SourceVersionDate "2021.03.31"]
[SourceQuality "1"]
[WhiteTeam "Werder Bremen"]
[BlackTeam "Kuppenheim"]
[WhiteTeamCountry "GER"]
[BlackTeamCountry "GER"]

1. e4 c6 2. d4 d5 3. Nc3 dxe4 4. Nxe4 Nf6 5. Ng3 Bg4 6. Nf3 e6 7. c3 Bd6 8. Bd3 0-0 9. Bg5 h6 10. Be3 Nbd7 11. h3 Bh5 12. Nxh5 Nxh5 13. Qd2 Nb6 14. Bxh6 gxh6 15. Qxh6 Nf6 16. Ng5 Bf4 17. g3 Bxg5 18. Qxg5+ Kh8 19. Qh6+ Kg8 20. g4 Re8 21. g5 Nfd5 22. Bh7+ Kh8 23. Bg6+ 1-0

[Event "GER-chT Christmas U16 Steinitz"]
[Site "Playchess.com INT"]
[Date "2020.12.28"]
[Round "4.2"]
[White "Werner, Florin"]
[Black "Helms, Finn"]
[Result "0-1"]
[WhiteElo "1533"]
[BlackElo "1934"]
[PlyCount "66"]
[EventDate "2020.12.28"]
[EventType "team-swiss (blitz)"]
[EventRounds "7"]
[EventCountry "GER"]
[SourceTitle "CBM 200 Extra"]
[Source "ChessBase"]
[SourceDate "2021.03.31"]
[SourceVersion "1"]
[SourceVersionDate "2021.03.31"]
[SourceQuality "1"]
[WhiteTeam "Offenbach"]
[BlackTeam "Werder Bremen"]
[WhiteTeamCountry "GER"]
[BlackTeamCountry "GER"]

1. e4 c6 2. d4 d5 3. exd5 cxd5 4. c4 Nc6 5. Nc3 Nf6 6. Nf3 g6 7. Qb3 e6 8. c5 Bg7 9. Bg5 0-0 10. Nb5 h6 11. Bh4 g5 12. Bg3 Ne4 13. Bd3 Nxg3 14. hxg3 a6 15. Nd6 Qa5+ 16. Ke2 g4 17. Ne5 Nxd4+ 18. Ke3 Nxb3 19. Nxg4 Qxc5+ 20. Ke2 Nd4+ 21. Kf1 Qxd6 22. Nxh6+ Bxh6 23. Rxh6 f5 24. f4 Qb4 25. Kg1 Qxb2 26. Re1 Qd2 27. Bxf5 Qxe1+ 28. Kh2 Nxf5 29. a4 Qxg3+ 30. Kg1 Ne3 31. Rh2 Rxf4 32. Rh8+ Kxh8 33. a5 Qxg2# 0-1

[Event "EU-ch U10"]
[Site "Bratislava"]
[Date "2019.08.10"]
[Round "9"]
[White "Helms, Finn"]
[Black "Papaioannou, Dimitrios1111"]
[Result "1-0"]
[WhiteElo "1827"]
[BlackElo "1608"]
[PlyCount "115"]
[EventDate "2019.08.02"]
[EventType "swiss"]
[EventRounds "9"]
[EventCountry "SVK"]
[SourceTitle "EXT 2020"]
[Source "ChessBase"]
[SourceDate "2019.10.17"]
[SourceVersion "1"]
[SourceVersionDate "2019.10.17"]
[SourceQuality "1"]

1. d4 Nf6 2. Bf4 d5 3. e3 e6 4. Nf3 c5 5. c3 Nc6 6. Nbd2 Be7 7. h3 0-0 8. Bd3 b6 9. 0-0 Bb7 10. Ne5 Nxe5 11. Bxe5 Ne4 12. f3 Nxd2 13. Qxd2 f5 14. f4 Bf6 15. Bxf6 Qxf6 16. Rae1 Rac8 17. Rf2 Qh6 18. Rf3 Bc6 19. Qf2 g6 20. g4 Kf7 21. g5 Qg7 22. h4 Ke7 23. Rh3 c4 24. Bb1 Kd6 25. Qh2 Rf7 26. Kf2 Kc7 27. Rh1 Kb7 28. h5 Rcc7 29. hxg6 hxg6 30. Rh8 Ba4 31. Ke2 Bb5 32. Qh6 Bc6 33. Bc2 Rce7 34. b3 Rc7 35. Kd2 cxb3 36. axb3 Rc8 37. Rxc8 Kxc8 38. Qh8+ Kc7 39. Qh3 Kd6 40. Bd1 Rf8 41. Bf3 Bb5 42. Rc1 Rh8 43. Qg2 Bc6 44. c4 Qh7 45. c5+ bxc5 46. dxc5+ Kc7 47. Rh1 Qg7 48. Rb1 Bb5 49. Be2 a6 50. Bxb5 axb5 51. Qe2 b4 52. Qd3 Rh2+ 53. Kc1 Ra2 54. Qd4 Qh7 55. Rb2 Qh1+ 56. Kc2 Qg2+ 57. Kb1 Qe4+ 58. Kxa2 1-0

[Event "EU-ch U10"]
[Site "Bratislava"]
[Date "2019.08.03"]
[Round "2"]
[White "Bukvaj, Jan"]
[Black "Helms, Finn"]
[Result "0-1"]
[WhiteElo "1330"]
[BlackElo "1827"]
[PlyCount "60"]
[EventDate "2019.08.02"]
[EventType "swiss"]
[EventRounds "9"]
[EventCountry "SVK"]
[SourceTitle "EXT 2020"]
[Source "ChessBase"]
[SourceDate "2019.10.17"]
[SourceVersion "1"]
[SourceVersionDate "2019.10.17"]
[SourceQuality "1"]

1. e4 e6 2. d4 d5 3. Nc3 dxe4 4. Nxe4 Nd7 5. Bd3 Ngf6 6. Nf3 Nxe4 7. Bxe4 Nf6 8. Bd3 c5 9. Bf4 Be7 10. 0-0 0-0 11. dxc5 Bxc5 12. Qe2 b6 13. Rad1 Qe7 14. a3 a5 15. Bg5 Bb7 16. Rd2 Rfd8 17. Rfd1 h6 18. Bh4 g5 19. Nxg5 hxg5 20. Bxg5 Rd5 21. Bh4 Kg7 22. c4 Rd4 23. Bg5 Rg8 24. Qe5 Rg4 25. Bxf6+ Qxf6 26. Qxf6+ Kxf6 27. g3 Rh4 28. Re2 Rxh2 29. Be4 Bxe4 30. Rxe4 Rxf2 0-1

[Event "EU-ch U10"]
[Site "Bratislava"]
[Date "2019.08.02"]
[Round "1"]
[White "Helms, Finn"]
[Black "Sava, Robert Gabriel"]
[Result "0-1"]
[WhiteElo "1827"]
[BlackElo "1400"]
[PlyCount "158"]
[EventDate "2019.08.02"]
[EventType "swiss"]
[EventRounds "9"]
[EventCountry "SVK"]
[SourceTitle "EXT 2020"]
[Source "ChessBase"]
[SourceDate "2019.10.17"]
[SourceVersion "1"]
[SourceVersionDate "2019.10.17"]
[SourceQuality "1"]

1. c4 e5 2. g3 g6 3. Bg2 Bg7 4. Nc3 d6 5. e4 f5 6. exf5 Bxf5 7. Bxb7 Nd7 8. Be4 Bxe4 9. Nxe4 Ngf6 10. Nxf6+ Qxf6 11. Ne2 Qf3 12. 0-0 0-0 13. Nc3 Qf7 14. d3 Nc5 15. Be3 Nd7 16. Rb1 h6 17. b4 Nf6 18. b5 e4 19. Nxe4 Nxe4 20. dxe4 Qxc4 21. Qb3 Qxb3 22. Rxb3 Rfe8 23. f3 d5 24. exd5 Rxe3 25. Rxe3 Bd4 26. Rfe1 Re8 27. Kf2 g5 28. f4 g4 29. a4 Kf7 30. R1e2 Re4 31. Re1 Ke7 32. R1e2 Kd6 33. Re1 Kxd5 34. R1e2 Ke6 35. Re1 Kf5 36. R1e2 h5 37. Re1 h4 38. R1e2 h3 39. Re1 Kf6 40. R1e2 Ke6 41. Re1 Kd5 42. R1e2 Re7 43. Re1 Kc4 44. Rc1+ Kb4 45. Rcc3 Rd7 46. Rcd3 Bxe3+ 47. Kxe3 Re7+ 48. Kd4 Re2 49. f5 Rxh2 50. f6 Kxa4 51. Kd5 Kxb5 52. Ke6 Re2+ 53. Kd7 Re1 54. Rd2 c5 55. Rf2 h2 56. Rxh2 Rf1 57. Ke7 a5 58. f7 c4 59. Rh5+ Kb4 60. Ke6 Rxf7 61. Kxf7 c3 62. Rh8 a4 63. Ke6 a3 64. Rb8+ Kc4 65. Ra8 c2 66. Kd6 a2 67. Rc8+ Kd3 68. Ke5 a1Q+ 69. Kf4 c1Q+ 70. Rxc1 Qxc1+ 71. Kxg4 Ke4 72. Kh5 Kf5 73. g4+ Kf6 74. Kh4 Qe3 75. g5+ Qxg5+ 76. Kh3 Kf5 77. Kh2 Kf4 78. Kh1 Kf3 79. Kh2 Qg2# 0-1

[Event "GER-ch U10"]
[Site "Willingen"]
[Date "2019.06.13"]
[Round "8"]
[White "Ermitsch, Magnus"]
[Black "Helms, Finn"]
[Result "0-1"]
[WhiteElo "1843"]
[BlackElo "1773"]
[PlyCount "110"]
[EventDate "2019.06.08"]
[EventType "swiss"]
[EventRounds "11"]
[EventCountry "GER"]
[SourceTitle "CBM 191 Extra"]
[Source "ChessBase"]
[SourceDate "2019.09.30"]
[SourceVersion "1"]
[SourceVersionDate "2019.09.30"]
[SourceQuality "1"]

1. e4 e6 2. d4 d5 3. Nc3 dxe4 4. Nxe4 Nd7 5. Nf3 Ngf6 6. Bd3 c5 7. 0-0 Nxe4 8. Bxe4 Nf6 9. Bd3 Be7 10. c3 cxd4 11. cxd4 0-0 12. Bd2 b6 13. Rc1 Bb7 14. Bc3 Nd5 15. Bb1 Bf6 16. Nd2 g6 17. Be4 Qe7 18. Re1 Rfd8 19. Qf3 Bg7 20. a3 a5 21. Qe2 Rac8 22. Bxd5 Rxd5 23. Nf3 Rcd8 24. Rcd1 Qd7 25. Rd2 Rf5 26. d5 Rxd5 27. Bxg7 Rxd2 28. Nxd2 Kxg7 29. Ne4 Qd5 30. f3 Qd4+ 31. Nf2 Qc5 32. Kh1 Qg5 33. Nh3 Qf6 34. Rc1 Rd7 35. Kg1 Qd4+ 36. Nf2 Qd2 37. Qxd2 Rxd2 38. Rb1 Bd5 39. b4 Ra2 40. bxa5 bxa5 41. Ne4 Rxa3 42. Nc5 Ra2 43. Nb3 a4 44. Nc1 Rc2 45. Nd3 a3 46. Nb4 Rb2 47. Ra1 Rxb4 48. Rxa3 Rb2 49. h3 Kf6 50. Kh2 h5 51. Kg3 g5 52. Re3 h4+ 53. Kh2 Kf5 54. Rd3 f6 55. Rc3 Kg6 0-1

[Event "GER-ch U10"]
[Site "Willingen"]
[Date "2019.06.12"]
[Round "6"]
[White "Grabs, Peter"]
[Black "Helms, Finn"]
[Result "0-1"]
[WhiteElo "1575"]
[BlackElo "1773"]
[PlyCount "90"]
[EventDate "2019.06.08"]
[EventType "swiss"]
[EventRounds "11"]
[EventCountry "GER"]
[SourceTitle "CBM 191 Extra"]
[Source "ChessBase"]
[SourceDate "2019.09.30"]
[SourceVersion "1"]
[SourceVersionDate "2019.09.30"]
[SourceQuality "1"]

1. e4 c6 2. d4 d5 3. exd5 cxd5 4. Bd3 Nc6 5. c3 Qc7 6. Ne2 Bg4 7. f3 Bh5 8. 0-0 Nf6 9. Bf4 Qd7 10. Re1 e6 11. Nd2 Bd6 12. Bxd6 Qxd6 13. Ng3 0-0 14. Ndf1 Bg6 15. Bxg6 hxg6 16. Qd3 a6 17. Nh1 b5 18. Nf2 b4 19. Ne3 bxc3 20. bxc3 Na5 21. Rac1 Rac8 22. c4 Nxc4 23. Nxc4 Rxc4 24. Rxc4 dxc4 25. Qxc4 Rd8 26. Rd1 Nd5 27. Ne4 Qb6 28. Kf2 Nf4 29. g3 Nd5 30. Qc5 Qb7 31. Rd2 Qb1 32. Qa3 Qb6 33. Qc5 a5 34. Qxb6 Nxb6 35. Nc5 e5 36. Nb7 Rd5 37. f4 exd4 38. Kf3 f5 39. g4 Kf7 40. gxf5 gxf5 41. Ke2 Nc4 42. Rd3 Ke7 43. a4 Nb2 44. Rd2 d3+ 45. Ke1 Nc4 0-1

[Event "GER-chT U12"]
[Site "Magdeburg"]
[Date "2018.12.30"]
[Round "7.3"]
[White "Helms, Finn"]
[Black "Genov, Valentin"]
[Result "1/2-1/2"]
[WhiteElo "1618"]
[BlackElo "1743"]
[PlyCount "60"]
[EventDate "2018.12.27"]
[EventType "team-swiss"]
[EventRounds "7"]
[EventCountry "GER"]
[SourceTitle "CBM 188 Extra"]
[Source "ChessBase"]
[SourceDate "2019.02.26"]
[SourceVersion "1"]
[SourceVersionDate "2019.02.26"]
[SourceQuality "1"]
[WhiteTeam "Lueneburg Turm"]
[BlackTeam "Hamburger SK"]
[WhiteTeamCountry "GER"]
[BlackTeamCountry "GER"]

1. c4 e5 2. Nc3 Nc6 3. g3 Bc5 4. Bg2 a6 5. Nf3 d6 6. 0-0 Nf6 7. d3 0-0 8. a3 Ba7 9. b4 Rb8 10. Bb2 b5 11. cxb5 axb5 12. Rc1 Nd4 13. Nxd4 exd4 14. Nd5 Nxd5 15. Bxd5 Bb7 16. Qb3 c5 17. Bxb7 Rxb7 18. Rc2 Qe7 19. Qd5 Bb6 20. Rb1 Rfb8 21. Bc1 Ba7 22. Bf4 Rd7 23. h4 Rbb7 24. Qc6 Rb6 25. Qd5 Rbb7 26. Bg5 Qe6 27. Qf3 h6 28. Bf4 Qg6 29. Rbc1 Qe6 30. Qc6 Kh7 1/2-1/2

[Event "GER-ch U10"]
[Site "Willingen"]
[Date "2018.05.20"]
[Round "2"]
[White "Helms, Finn"]
[Black "Kocharin, Timur"]
[Result "1-0"]
[WhiteElo "1435"]
[BlackElo "1538"]
[PlyCount "93"]
[EventDate "2018.05.19"]
[EventType "swiss"]
[EventRounds "11"]
[EventCountry "GER"]
[SourceTitle "CBM 184 Extra"]
[Source "ChessBase"]
[SourceDate "2018.06.28"]
[SourceVersion "1"]
[SourceVersionDate "2018.06.28"]
[SourceQuality "1"]

1. d4 Nf6 2. Bf4 g6 3. e3 Bg7 4. c3 0-0 5. h3 d6 6. Nf3 Nfd7 7. Nbd2 e5 8. dxe5 Nxe5 9. Nxe5 dxe5 10. Bh2 Nc6 11. Qb3 Be6 12. Qxb7 Qd6 13. Qa6 Rab8 14. b3 Rfd8 15. Rd1 Qc5 16. Bc4 Rb6 17. Qa4 Bd7 18. 0-0 a5 19. Ne4 Qe7 20. Bb5 Rdb8 21. c4 f5 22. Nc3 Qe8 23. Nd5 R6b7 24. Rd3 Qe6 25. Nc3 e4 26. Rxd7 Bxc3 27. Bxc6 Rb4 28. Bd5 Qxd5 29. Rxd5 Rxa4 30. bxa4 Bb4 31. Bxc7 Rc8 32. Rd8+ Rxd8 33. Bxd8 Kf7 34. g4 fxg4 35. hxg4 Ke6 36. f4 Bc5 37. Kf2 h5 38. f5+ gxf5 39. gxh5 Kf7 40. h6 Bf8 41. Rh1 Kg8 42. h7+ Kh8 43. Bf6+ Bg7 44. Bxg7+ Kxg7 45. h8Q+ Kf7 46. Rh7+ Kg6 47. Qg7# 1-0